Ekonomiko-matematičeskij slovar
Gespeichert in:
| 1. Verfasser: | |
|---|---|
| Format: | Buch |
| Sprache: | Russisch |
| Veröffentlicht: |
Moskva
Nauka
1987
|
| Online-Zugang: | Im OPAC anzeigen |
| Tags: |
Keine Tags, Fügen Sie das erste Tag hinzu!
|
MARC
| LEADER | 00000nam a2200000 a 4500 | ||
|---|---|---|---|
| 005 | 20260127134404.0 | ||
| 008 | 160404s1987 RU 0 rus c | ||
| 035 | |a vtls001366955 | ||
| 035 | |a SNK000320640 | ||
| 039 | 9 | |a 201604041221 |b VLOAD |c 200809251000 |d mschk03 |y 200412281513 |z VLOAD | |
| 040 | |a SNK |b slo |c SNK |d STUSCHK1 |e AACR2 | ||
| 041 | 0 | |a rus | |
| 044 | |a RU | ||
| 100 | 1 | |a Lopatnikov, Leonid Isidorovič | |
| 245 | 1 | |a Ekonomiko-matematičeskij slovar |c Leonid Isidorovič Lopatnikov | |
| 260 | |a Moskva |b Nauka |c 1987 | ||
| 300 | |a 506, [4] s. |c 8° | ||
| 910 | |a SCHK95 | ||
| 958 | |a RK | ||
| 974 | |a 037 |d 19990629 | ||
| 999 | |c 11532 |d 11532 | ||